How to look at dance /

Bibliographic Details
Main Author: Terry, Walter
Other Authors: Vartoogian, Jack, Vartoogian, Linda
Format: Book
Language:English
Published: New York : Morrow, 1982.
Edition:1st ed.
Subjects:

MARC

Tag First Indicator Second Indicator Subfields
LEADER 00000pam a2200000 a 4500
001 in00000097535
005 20150924085215.0
008 810902s1982 nyua b 00110 eng
010 |a  81014111  
020 |a 0688007775 
035 |a (OCoLC)07795152 
035 |9 AAK9157AM 
039 0 |a 2  |b 3  |c 3  |d 3  |e 3 
040 |a DLC  |c DLC  |d TXA  |d UtOrBLW 
049 |a TXAM  |c [1673756] 
050 0 0 |a GV1595  |b  T43 
082 0 |a 793.3  |2 19 
100 1 |a Terry, Walter. 
245 1 0 |a How to look at dance /  |c Walter Terry ; with photographs by Jack & Linda Vartoogian ; designed by Judith Adel. 
250 |a 1st ed. 
264 1 |a New York :  |b Morrow,  |c 1982. 
300 |a 218 pages :  |b illustrations ;  |c 25 cm. 
336 |a text  |b txt  |2 rdacontent 
337 |a unmediated  |b n  |2 rdamedia 
338 |a volume  |b nc  |2 rdacarrier 
500 |a Includes index. 
504 |a Bibliography: page 211. 
650 0 |a Dance. 
700 1 |a Vartoogian, Jack. 
700 1 |a Vartoogian, Linda. 
999 |a MARS 
999 f f |s 37ecc0e4-880d-3125-8586-502511fba80d  |i 2f592e86-f121-3242-9b21-0166f7ff26ea  |t 0 
952 f f |p ric  |a Texas A&M University  |b Rellis Campus  |c Joint Library Facility  |d Remote Storage  |t 0  |e GV1595 T43  |h Library of Congress classification  |i unmediated -- volume  |m A14806040380 
998 f f |a GV1595 T43  |t 0  |l Remote Storage